01048nam a22002537a 4500003000900000005001700009007000300026008004100029040003000070082001300100111010700113245004900220246004300269264007300312300002500385336002700410337003300437338002800470500004300498611008400541650005900625650006100684650004900745DO-SdBNP20230920101822.0ta221025b1987 dr ||||| |||| 00| 0 spa d aDO-SdBNPbspacBNPHUerda 4222bF3562 aFeria Nacional del Libron(15ª :d 26 de junio al 05 de juliocSanto Domingo, República Dominicana)10aXV Feria nacional del Libro :bPrograma. /13aDecimoquinta Feria Nacional del Libro  1aSanto Domingo :bMinisterio de Cultura,bEdiciones Ferilibro,c1987. a83 páginasc21 cm. 2rdacontentatextobtxt 2rdamediaasin mediaciónbn 2rdacarrieravolumenbnc aDedicado a Emilio Rodríguez Demorizi24aFeria nacional del libron(15ª :d1987 :cSanto Domingo, Republica Dominicana) 4aIndustria del librozRepública DominicanaxProgramas 4aFeria del librozRepública Dominicanay2014xProgramas 4aLibrosxExposicioneszRepública Dominicana